[Event "33rd Leon Blitz Open 2020"]
[Site "chess.com INT"]
[Date "2020.07.14"]
[Round "3"]
[White "Savanovic, Aleksandar"]
[Black "Serreau, David"]
[Result "1/2-1/2"]
[WhiteTitle "IM"]
[BlackTitle "CM"]
[WhiteElo "2410"]
[BlackElo "2155"]
[WhiteFideId "914932"]
[BlackFideId "631957"]
[EventDate "2020.07.14"]
[EventType "blitz"]

1. d4 Nf6 2. Bf4 g6 3. e3 Bg7 4. Nf3 O-O 5. Be2 d5 6. O-O b6 7. c3 Bb7 8. Ne5
Nbd7 9. Nd2 Nxe5 10. Bxe5 Nd7 11. Bxg7 Kxg7 12. Nf3 c5 13. Bb5 f6 14. Qa4 Nb8
15. Rad1 a6 16. Be2 b5 17. Qc2 c4 1/2-1/2

[Event "33rd Leon Blitz Open 2020"]
[Site "chess.com INT"]
[Date "2020.07.14"]
[Round "3"]
[White "Smirnov, Anton"]
[Black "Rohith, Krishna S"]
[Result "1-0"]
[WhiteTitle "GM"]
[BlackTitle "FM"]
[WhiteElo "2597"]
[BlackElo "2304"]
[WhiteFideId "3208923"]
[BlackFideId "46617051"]
[EventDate "2020.07.14"]
[EventType "blitz"]

1. e4 e6 2. d4 d5 3. exd5 exd5 4. Qf3 Nf6 5. h3 Bd6 6. Bd3 O-O 7. Ne2 Re8 8. O-O
h6 9. Bf4 c6 10. c3 Be6 11. Nd2 Nh7 12. Rfe1 Nf8 13. Qg3 Bxf4 14. Nxf4 Qg5 15.
Qxg5 hxg5 16. Nxe6 Nxe6 17. Nf3 Nd7 18. Bf5 Ndf8 19. Re3 g6 20. Bc2 f6 21. Rae1
Kf7 22. Nh2 Nc7 23. Ng4 Rxe3 24. Rxe3 Re8 25. Kf1 Rxe3 26. Nxe3 Nd7 27. Ke2 Ne6
28. g3 Ke7 29. Bxg6 Ng7 30. Nf5+ Nxf5 31. Bxf5 Nb6 32. b3 Na8 33. Bc8 b5 34. Bb7
Nc7 35. Bxc6 Kd6 36. Bb7 Kd7 37. h4 gxh4 38. gxh4 Kd6 39. h5 Ne6 40. h6 Ng5 41.
f4 Nh7 42. Bc8 Ke7 43. Bf5 Nf8 44. h7 1-0

[Event "33rd Leon Blitz Open 2020"]
[Site "chess.com INT"]
[Date "2020.07.14"]
[Round "3"]
[White "Gabriel, Robert"]
[Black "Schut, Han"]
[Result "1/2-1/2"]
[WhiteTitle "FM"]
[WhiteElo "2236"]
[BlackElo "2101"]
[WhiteFideId "4606477"]
[BlackFideId "1005561"]
[EventDate "2020.07.14"]
[EventType "blitz"]

1. d4 Nf6 2. Nf3 g6 3. c4 Bg7 4. Nc3 d5 5. cxd5 Nxd5 6. e4 Nxc3 7. bxc3 c5 8.
Be3 Qa5 9. Qd2 Nc6 10. Be2 cxd4 11. cxd4 Qxd2+ 12. Kxd2 O-O 13. h3 Rd8 14. Kc3
Bd7 15. Rhd1 Rac8 16. Kb2 Na5 17. Rac1 b5 18. Rxc8 Rxc8 19. Rc1 Nc4+ 20. Bxc4
bxc4 21. Kc2 1/2-1/2

[Event "33rd Leon Blitz Open 2020"]
[Site "chess.com INT"]
[Date "2020.07.14"]
[Round "3"]
[White "Degenbaev, Aziz"]
[Black "Mohammad, Nubairshah Shaikh"]
[Result "0-1"]
[BlackTitle "IM"]
[WhiteElo "1816"]
[BlackElo "2445"]
[WhiteFideId "13802640"]
[BlackFideId "5053196"]
[EventDate "2020.07.14"]
[EventType "blitz"]

1. c4 Nf6 2. Nc3 g6 3. e4 Bg7 4. d4 d6 5. f3 O-O 6. Be3 b6 7. Qd2 c5 8. d5 e6 9.
Nge2 exd5 10. cxd5 Re8 11. Ng3 h5 12. Be2 a6 13. a4 h4 14. Nf1 Nbd7 15. h3 Nh5
16. Bg5 Bf6 17. Bxf6 Qxf6 18. O-O-O b5 19. Ne3 bxa4 20. Ng4 Qf4 21. Nxa4 Rb8 22.
Nc3 Ne5 23. Qxf4 Nxf4 24. Nf6+ Kf8 25. Nxe8 Kxe8 26. Kc2 Nxg2 27. Ra1 Rb6 28.
Na4 Rb4 29. Nc3 Ne3+ 30. Kc1 Rb6 31. Na4 Rb4 32. Nc3 N3c4 33. Bxc4 Nxc4 34. Ra2
Ne5 35. f4 Nd3+ 36. Kd2 Nxf4 37. Ke3 g5 38. Ra4 Rxb2 39. Rb1 Rxb1 40. Nxb1 Nxh3
41. Rb4 cxb4 42. Nc3 bxc3 43. e5 dxe5 44. d6 Nf4 45. d7+ Bxd7 46. Ke4 f6 47. Ke3
c2 48. Ke4 Ke7 49. Kf3 c1=Q 50. Ke4 Bc6+ 51. Kf5 Qc2+ 52. Kg4 Qg2+ 53. Kf5 Bd7# 0-1

[Event "33rd Leon Blitz Open 2020"]
[Site "chess.com INT"]
[Date "2020.07.14"]
[Round "3"]
[White "Bommini, Mounika Akshaya"]
[Black "Demin, Vladimir"]
[Result "1-0"]
[WhiteTitle "WFM"]
[BlackTitle "IM"]
[WhiteElo "2029"]
[BlackElo "2430"]
[WhiteFideId "25019872"]
[BlackFideId "4167457"]
[EventDate "2020.07.14"]
[EventType "blitz"]

1. d4 Nf6 2. c4 e5 3. dxe5 Ng4 4. Bf4 Bb4+ 5. Nc3 Bxc3+ 6. bxc3 Nc6 7. Nf3 Qe7
8. Qd5 f6 9. exf6 Nxf6 10. Qd1 d6 11. e3 O-O 12. Bd3 Kh8 13. O-O Ne4 14. Qc2 Bf5
15. Nd4 Bg6 16. f3 Nf6 17. Bxg6 hxg6 18. Qxg6 Rae8 19. Nf5 Qf7 20. Nh4 Nh5 21.
Bg5 Ne5 22. Qc2 Qxc4 23. f4 Ng4 24. Ng6+ Kg8 25. Nxf8 Rxf8 26. Rae1 1-0

[Event "33rd Leon Blitz Open 2020"]
[Site "chess.com INT"]
[Date "2020.07.14"]
[Round "3"]
[White "Bartel, Mateusz"]
[Black "Karas, Marek"]
[Result "1-0"]
[WhiteTitle "GM"]
[BlackTitle "FM"]
[WhiteElo "2648"]
[BlackElo "2249"]
[WhiteFideId "1112635"]
[BlackFideId "14928558"]
[EventDate "2020.07.14"]
[EventType "blitz"]

1. f4 d5 2. Nf3 Bg4 3. g3 Bxf3 4. exf3 Nf6 5. d4 e6 6. Be3 Nbd7 7. c3 c5 8. Nd2
cxd4 9. Bxd4 Bc5 10. Nb3 Bxd4 11. Qxd4 O-O 12. Be2 Qb6 13. O-O-O Qxd4 14. Rxd4
Rac8 15. Kb1 Nc5 16. Rhd1 b6 17. R4d2 Rc7 18. Nd4 Rb8 19. g4 Kf8 20. g5 Ne8 21.
f5 Ke7 22. fxe6 fxe6 23. Re1 Nd6 24. Bd3 Nxd3 25. Rxe6+ Kd7 26. Rxd3 Rf8 27. Re5
Rc5 28. Ne6 1-0

[Event "33rd Leon Blitz Open 2020"]
[Site "chess.com INT"]
[Date "2020.07.14"]
[Round "3"]
[White "Reprintsev, Alexander"]
[Black "Vishnu Prasanna, V"]
[Result "0-1"]
[WhiteTitle "IM"]
[BlackTitle "GM"]
[WhiteElo "2353"]
[BlackElo "2476"]
[WhiteFideId "14100541"]
[BlackFideId "5030692"]
[EventDate "2020.07.14"]
[EventType "blitz"]

1. e4 e5 2. f4 exf4 3. Bc4 Qh4+ 4. Kf1 Qd8 5. d4 d5 6. Bxd5 Nf6 7. Nc3 Bb4 8.
Bxf4 Bxc3 9. bxc3 Nxd5 10. exd5 Qxd5 11. Qe2+ Be6 12. Bxc7 O-O 13. Nf3 Qc6 14.
Bxb8 Bc4 15. Bg3 Bxe2+ 16. Kxe2 Qxc3 17. Rhc1 Rfe8+ 18. Kf1 Rad8 19. Bf2 b6 20.
a4 f6 21. h3 h5 22. Rab1 Qc4+ 23. Kg1 Re2 24. a5 bxa5 25. c3 Rde8 26. Bg3 Qa2
27. Ne1 Qd2 28. Kh2 R8e3 29. Rc2 Rxg2+ 30. Nxg2 Qxc2 31. d5 Re2 0-1

[Event "33rd Leon Blitz Open 2020"]
[Site "chess.com INT"]
[Date "2020.07.14"]
[Round "3"]
[White "Leiva, Giuseppe"]
[Black "Calzetta Ruiz, Monica"]
[Result "1-0"]
[WhiteTitle "IM"]
[BlackTitle "WGM"]
[WhiteElo "2391"]
[BlackElo "2302"]
[WhiteFideId "3804399"]
[BlackFideId "2204185"]
[EventDate "2020.07.14"]
[EventType "blitz"]

1. d4 Nf6 2. c4 c5 3. d5 b5 4. cxb5 a6 5. bxa6 g6 6. Nc3 Bg7 7. g3 O-O 8. Bg2 d6
9. Nf3 Nxa6 10. O-O Nc7 11. h3 Bb7 12. e4 e6 13. dxe6 Nxe6 14. Re1 Re8 15. Bd2
Nd4 16. Nxd4 cxd4 17. Nd5 Nxd5 18. exd5 Qb6 19. Bf4 Ra5 20. Rxe8+ 1-0

[Event "33rd Leon Blitz Open 2020"]
[Site "chess.com INT"]
[Date "2020.07.14"]
[Round "3"]
[White "Kokarev, Dmitry"]
[Black "Shuvalov, Evgenij"]
[Result "1-0"]
[WhiteTitle "GM"]
[WhiteElo "2611"]
[BlackElo "2182"]
[WhiteFideId "4132181"]
[BlackFideId "4187237"]
[EventDate "2020.07.14"]
[EventType "blitz"]

1. Nc3 d5 2. g3 Nf6 3. Bg2 Bf5 4. d3 e6 5. e4 Bg6 6. Nh3 Bb4 7. Bd2 O-O 8. Nf4
c6 9. O-O Nbd7 10. Ncxd5 Nxd5 11. exd5 Bxd2 12. Nxg6 hxg6 13. dxe6 Bg5 14. exd7
Qxd7 15. d4 Rad8 16. c3 Rfe8 17. Qb3 Re2 18. Rad1 Rde8 19. d5 cxd5 20. Bxd5 b6
21. Bc4 Rd2 22. Bb5 Qe7 23. Rxd2 Bxd2 24. Bxe8 Qxe8 25. Qd5 Qe2 26. Kg2 g5 27.
Qa8+ Kh7 28. Qf3 Qb5 29. Rd1 Qxb2 30. Qd3+ 1-0

[Event "33rd Leon Blitz Open 2020"]
[Site "chess.com INT"]
[Date "2020.07.14"]
[Round "3"]
[White "Jobava, Baadur"]
[Black "Leenhouts, Koen"]
[Result "1-0"]
[WhiteTitle "GM"]
[BlackTitle "IM"]
[WhiteElo "2603"]
[BlackElo "2414"]
[WhiteFideId "13601520"]
[BlackFideId "1008439"]
[EventDate "2020.07.14"]
[EventType "blitz"]

1. d4 Nf6 2. c4 g6 3. Nc3 d5 4. Bg5 Bg7 5. e3 Ne4 6. Bh4 Nxc3 7. bxc3 c5 8. cxd5
Qxd5 9. Qf3 Qxf3 10. Nxf3 Nc6 11. Bb5 Bd7 12. Rb1 a6 13. Bd3 b5 14. Ke2 c4 15.
Be4 e5 16. a4 f5 17. Bd5 Rb8 18. axb5 axb5 19. Rhd1 e4 20. Ng5 Bf6 21. Bg3 Bxg5
22. Bxc6 Rb6 23. Bd5 Bd8 24. Be5 Rf8 25. Bg7 Rf7 26. Bxf7+ Kxf7 27. Be5 Be7 28.
d5 Bc5 29. Bd4 Bxd4 30. Rxd4 Ra6 31. Rdd1 Ra2+ 32. Ke1 Ke7 33. Ra1 Rc2 34. Rdc1
Rb2 35. Ra6 Bc8 36. Rb6 Bd7 37. Ra1 Rb3 38. Ra7 Kd8 39. Rd6 1-0

[Event "33rd Leon Blitz Open 2020"]
[Site "chess.com INT"]
[Date "2020.07.14"]
[Round "3"]
[White "Manukian, Artak"]
[Black "Ramoutar, Alan-Safar"]
[Result "0-1"]
[BlackTitle "IM"]
[WhiteElo "2196"]
[BlackElo "2305"]
[WhiteFideId "13301373"]
[BlackFideId "7704224"]
[EventDate "2020.07.14"]
[EventType "blitz"]

1. e4 c5 2. Nf3 g6 3. c3 d5 4. exd5 Qxd5 5. d4 Bg7 6. dxc5 Qxc5 7. Be3 Qc7 8.
Na3 a6 9. Nc4 Nd7 10. a4 Ngf6 11. a5 O-O 12. Be2 Ng4 13. Bd4 e5 14. Bb6 Nxb6 15.
Nxb6 Rb8 16. h3 Nf6 17. O-O Be6 18. Qa4 Nd7 19. Nxd7 Bxd7 20. Qc4 Bc6 21. Rfd1
Qe7 22. b4 Kh8 23. Qb3 f5 24. Rd2 f4 25. Bf1 e4 26. Nd4 Bd7 27. Re1 Rbe8 28.
Rde2 Bf5 29. Nxf5 gxf5 30. f3 Qg5 31. fxe4 f3 32. Re3 fxe4 33. Rxe4 f2+ 0-1

[Event "33rd Leon Blitz Open 2020"]
[Site "chess.com INT"]
[Date "2020.07.14"]
[Round "3"]
[White "Hnydiuk, Aleksander"]
[Black "Sahil, Tickoo"]
[Result "1-0"]
[WhiteTitle "IM"]
[WhiteElo "2411"]
[BlackElo "2245"]
[WhiteFideId "1109057"]
[BlackFideId "5019710"]
[EventDate "2020.07.14"]
[EventType "blitz"]

1. Nf3 c5 2. c4 Nf6 3. d4 cxd4 4. Nxd4 Nc6 5. Nc3 e6 6. g3 Bb4 7. Bg2 O-O 8. O-O
Bxc3 9. bxc3 a6 10. Bf4 d5 11. cxd5 Nxd5 12. Nxc6 bxc6 13. Bd2 Rb8 14. c4 Ne7
15. Bf4 Rb4 16. Qxd8 Rxd8 17. Rfd1 Re8 18. Bd6 Rb7 19. Rab1 Rxb1 20. Rxb1 Nf5
21. Bc5 e5 22. Bxc6 Rd8 23. Rb8 f6 24. Bd5+ Kh8 25. Bb7 1-0

[Event "33rd Leon Blitz Open 2020"]
[Site "chess.com INT"]
[Date "2020.07.14"]
[Round "3"]
[White "Motylev, Alexander"]
[Black "Bykhovsky, Anatoly"]
[Result "1-0"]
[WhiteTitle "GM"]
[BlackTitle "GM"]
[WhiteElo "2641"]
[BlackElo "2496"]
[WhiteFideId "4121830"]
[BlackFideId "2806991"]
[EventDate "2020.07.14"]
[EventType "blitz"]

1. e4 c5 2. Nc3 Nc6 3. Bb5 Nd4 4. Nf3 Nxb5 5. Nxb5 d6 6. d4 cxd4 7. Qxd4 Bd7 8.
Nc3 e6 9. Bg5 Nf6 10. O-O-O Be7 11. Bxf6 gxf6 12. Qe3 O-O 13. g4 Kh8 14. h4 b5
15. Kb1 b4 16. Ne2 a5 17. g5 Qc7 18. Qf4 e5 19. Qd2 Bg4 20. Nh2 Be6 21. f4 Rfd8
22. f5 Bc4 23. gxf6 Bxf6 24. Ng4 Bg7 25. f6 Bf8 26. Rhg1 Qc6 27. Qg5 1-0

[Event "33rd Leon Blitz Open 2020"]
[Site "chess.com INT"]
[Date "2020.07.14"]
[Round "3"]
[White "Baskin, Robert"]
[Black "Gazik, Viktor"]
[Result "0-1"]
[WhiteTitle "IM"]
[BlackTitle "IM"]
[WhiteElo "2390"]
[BlackElo "2502"]
[WhiteFideId "24662402"]
[BlackFideId "14928752"]
[EventDate "2020.07.14"]
[EventType "blitz"]

1. e4 c5 2. Nf3 d6 3. Bb5+ Nd7 4. O-O Nf6 5. Re1 a6 6. Bd3 g6 7. c3 Bg7 8. Bc2
O-O 9. d4 e5 10. Nbd2 b5 11. Nf1 Bb7 12. Ng3 exd4 13. cxd4 cxd4 14. Nxd4 Re8 15.
Bg5 h6 16. Bf4 Ne5 17. b3 Qb6 18. Qd2 Rac8 19. Rad1 Kh7 20. Bb1 Rcd8 21. Qe3 d5
22. exd5 Nxd5 23. Qd2 Ng4 24. Rxe8 Rxe8 25. Ndf5 Bc3 26. Qc2 Nb4 27. Qe4 Bxe4
28. Nxe4 gxf5 0-1

[Event "33rd Leon Blitz Open 2020"]
[Site "chess.com INT"]
[Date "2020.07.14"]
[Round "3"]
[White "Swati, Mohota"]
[Black "Mhango, Banele"]
[Result "0-1"]
[WhiteTitle "WFM"]
[BlackTitle "FM"]
[WhiteElo "2027"]
[BlackElo "2117"]
[WhiteFideId "5006511"]
[BlackFideId "14327040"]
[EventDate "2020.07.14"]
[EventType "blitz"]

1. d4 Nf6 2. Nf3 g6 3. c3 Bg7 4. Bg5 h6 5. Bh4 O-O 6. Nbd2 d5 7. e3 c5 8. Bd3
Nc6 9. O-O b6 10. Ne5 Bb7 11. f4 Qc7 12. Rc1 Rad8 13. Rf3 e6 14. Ng4 Nxg4 15.
Bxd8 Qxd8 16. Rg3 h5 17. h3 Nh6 18. Rf3 h4 19. Qe1 Nf5 20. Bxf5 exf5 21. Rf2 Re8
22. Nf3 cxd4 23. cxd4 Nxd4 24. Nxd4 Bxd4 25. Re2 Bf6 26. Rd1 Qc7 27. Rc1 Qe7 28.
Rcc2 Ba6 29. Red2 d4 30. Qc1 Qxe3+ 31. Kh1 Bb7 32. Qg1 Qxh3+ 33. Qh2 Re1# 0-1

[Event "33rd Leon Blitz Open 2020"]
[Site "chess.com INT"]
[Date "2020.07.14"]
[Round "3"]
[White "Flores Quillas, Diego Saul Rodri"]
[Black "Klekowski, Maciej"]
[Result "1-0"]
[WhiteTitle "FM"]
[BlackTitle "GM"]
[WhiteElo "2245"]
[BlackElo "2506"]
[WhiteFideId "3822508"]
[BlackFideId "1132717"]
[EventDate "2020.07.14"]
[EventType "blitz"]

1. e4 e6 2. d4 d5 3. Nc3 Nf6 4. Bg5 Be7 5. e5 Nfd7 6. Bxe7 Qxe7 7. f4 a6 8. Nf3
c5 9. dxc5 Nxc5 10. Bd3 Nc6 11. Qd2 Bd7 12. O-O-O b5 13. Ne2 b4 14. Kb1 h6 15.
Ned4 Nxd4 16. Nxd4 O-O 17. h4 Na4 18. Rdg1 Qc5 19. Nb3 Qb6 20. g4 f6 21. g5 fxe5
22. gxh6 Rf7 23. fxe5 Raf8 24. hxg7 Rxg7 25. Rxg7+ Kxg7 26. Qg5+ Kf7 27. Bg6+
Kg7 28. Rg1 Qd8 29. Qh5 Rh8 30. Bd3+ Kf8 31. Qxh8+ 1-0

[Event "33rd Leon Blitz Open 2020"]
[Site "chess.com INT"]
[Date "2020.07.14"]
[Round "3"]
[White "Nguyen, Hong Nhung"]
[Black "Orozbaev, Eldiar"]
[Result "1-0"]
[WhiteTitle "WCM"]
[BlackTitle "CM"]
[WhiteElo "1697"]
[BlackElo "1973"]
[WhiteFideId "12412201"]
[BlackFideId "13802240"]
[EventDate "2020.07.14"]
[EventType "blitz"]

1. e4 e6 2. d4 d5 3. Nc3 Nf6 4. e5 Nfd7 5. Nce2 c5 6. c3 Nc6 7. f4 Qb6 8. Nf3
cxd4 9. cxd4 Bb4+ 10. Bd2 O-O 11. g3 f6 12. Bg2 fxe5 13. dxe5 g5 14. a3 Bxd2+
15. Qxd2 gxf4 16. gxf4 Nc5 17. Nfd4 Nxd4 18. Nxd4 Rxf4 19. Rg1 Kh8 20. b4 Nd3+
21. Qxd3 Qxd4 22. Qxd4 Rxd4 23. Rc1 Bd7 24. Rc7 Bc6 25. Bh3 Re4+ 26. Kd2 Rxe5
27. Rgg7 Rh5 28. Bxe6 Re8 29. Rce7 Rxh2+ 30. Kc3 Rxe7 31. Rg8# 1-0

[Event "33rd Leon Blitz Open 2020"]
[Site "chess.com INT"]
[Date "2020.07.14"]
[Round "3"]
[White "Gukesh, D"]
[Black "Vokhidov, Shamsiddin"]
[Result "1-0"]
[WhiteTitle "GM"]
[BlackTitle "GM"]
[WhiteElo "2563"]
[BlackElo "2512"]
[WhiteFideId "46616543"]
[BlackFideId "14204223"]
[EventDate "2020.07.14"]
[EventType "blitz"]

1. c4 e6 2. Nf3 d5 3. e3 Nf6 4. Nc3 Be7 5. b3 O-O 6. Bb2 c5 7. cxd5 exd5 8. d4
Nc6 9. Be2 Bg4 10. dxc5 Bxc5 11. O-O Be7 12. Nd4 Bxe2 13. Ncxe2 Qd7 14. Rc1 Rac8
15. Qd3 Rfd8 16. Nf5 Qe6 17. Nf4 Qd7 18. Nxg7 d4 19. Nf5 Nb4 20. Nxe7+ Qxe7 21.
Qf5 Rxc1 22. Rxc1 Nc6 23. h3 Rd6 24. exd4 Qe4 25. Qg5+ Kh8 26. d5 Nd4 27. Rc8+ 1-0

[Event "33rd Leon Blitz Open 2020"]
[Site "chess.com INT"]
[Date "2020.07.14"]
[Round "3"]
[White "Diaz, Conrado"]
[Black "Mogirzan, Matei-Valeriu"]
[Result "1-0"]
[BlackTitle "CM"]
[WhiteElo "2273"]
[BlackElo "1813"]
[WhiteFideId "5207304"]
[BlackFideId "1257455"]
[EventDate "2020.07.14"]
[EventType "blitz"]

1. d4 Nf6 2. Nf3 g6 3. Bg5 Bg7 4. Nbd2 d5 5. e3 O-O 6. Be2 c5 7. c3 Nc6 8. O-O
Qb6 9. Qb3 c4 10. Qc2 Bf5 11. Qc1 Ne4 12. Nxe4 Bxe4 13. Nd2 Bf5 14. e4 dxe4 15.
Nxc4 Qc7 16. Ne3 e5 17. dxe5 Qxe5 18. Re1 Rac8 19. Nc4 Qc7 20. Qf4 Ne5 21. Nxe5
Bxe5 22. Qh4 f6 23. Be3 g5 24. Qh6 Bg6 25. Rad1 Qg7 26. Qxg7+ Kxg7 27. Bxa7 Ra8
28. Bc5 Rfc8 29. Rd7+ Kh6 30. Ba3 Rc7 31. Rxc7 Bxc7 32. Rd1 Rd8 33. Rxd8 Bxd8
34. Bf8# 1-0

[Event "33rd Leon Blitz Open 2020"]
[Site "chess.com INT"]
[Date "2020.07.14"]
[Round "3"]
[White "Praveen, Kumar C"]
[Black "Hess, Robert"]
[Result "1-0"]
[WhiteTitle "IM"]
[BlackTitle "GM"]
[WhiteElo "2158"]
[BlackElo "2591"]
[WhiteFideId "5007372"]
[BlackFideId "2022036"]
[EventDate "2020.07.14"]
[EventType "blitz"]

1. d4 g6 2. c4 Bg7 3. Nf3 c5 4. d5 f5 5. g3 b5 6. cxb5 a6 7. b6 Qxb6 8. Nc3 Nf6
9. Bg2 Ne4 10. O-O Nxc3 11. bxc3 Bxc3 12. Be3 d6 13. Rb1 Qc7 14. Bh6 Bf6 15. Ng5
Bxg5 16. Bxg5 O-O 17. Bh6 Rf7 18. e4 fxe4 19. Bxe4 Nd7 20. Qc2 Nf8 21. f4 Bh3
22. Rf2 Rb8 23. f5 gxf5 24. Bxf5 Bxf5 25. Rxb8 Qxb8 26. Rxf5 Ng6 27. Rxf7 Kxf7
28. h4 Qg8 29. Qf5+ Ke8 30. Qc8+ Kf7 31. Qe6+ 1-0

[Event "33rd Leon Blitz Open 2020"]
[Site "chess.com INT"]
[Date "2020.07.14"]
[Round "3"]
[White "Volkov, Maksim"]
[Black "Bernadskiy, Vitaliy"]
[Result "0-1"]
[WhiteTitle "CM"]
[BlackTitle "GM"]
[WhiteElo "2163"]
[BlackElo "2629"]
[WhiteFideId "54123070"]
[BlackFideId "14100371"]
[EventDate "2020.07.14"]
[EventType "blitz"]

1. Nf3 g6 2. c4 Bg7 3. g3 e5 4. d4 e4 5. Ng5 f5 6. Bg2 Nf6 7. O-O O-O 8. Nc3 Nc6
9. f3 h6 10. Nh3 exf3 11. Bxf3 g5 12. Bg2 d6 13. Qd3 Bd7 14. e3 Qe7 15. Bd2 Rae8
16. Nd5 Nxd5 17. cxd5 Nd8 18. Rac1 c6 19. dxc6 Nxc6 20. Qb3+ Be6 21. d5 Bf7 22.
Rxf5 Ne5 23. e4 Bg6 24. Rxf8+ Rxf8 25. Rf1 Rxf1+ 26. Kxf1 Ng4 27. Qa4 Qf7+ 28.
Kg1 Bxb2 29. Qxa7 Qg7 30. Qb8+ Kh7 31. Qxd6 Qd4+ 32. Kh1 Qxd2 33. Qd7+ Kg8 34.
Qc8+ Kg7 35. Qd7+ Bf7 36. Qxg4 Qe1+ 37. Ng1 Bd4 38. Bf1 Qxf1 0-1

[Event "33rd Leon Blitz Open 2020"]
[Site "chess.com INT"]
[Date "2020.07.14"]
[Round "3"]
[White "Eljanov, Pavel"]
[Black "Herrera Reyes, Jose Antonio"]
[Result "1-0"]
[WhiteTitle "GM"]
[BlackTitle "FM"]
[WhiteElo "2672"]
[BlackElo "2304"]
[WhiteFideId "14102951"]
[BlackFideId "2274914"]
[EventDate "2020.07.14"]
[EventType "blitz"]

1. e4 c5 2. Nf3 e6 3. d4 cxd4 4. Nxd4 a6 5. c4 Qc7 6. Nc3 b6 7. Be2 Bb7 8. O-O
Nf6 9. f3 Bd6 10. Kh1 Bxh2 11. f4 Bg3 12. Qd3 Bh4 13. Qh3 Nxe4 14. Qxh4 Nf6 15.
f5 e5 16. Nc2 d6 17. Bg5 Nbd7 18. Ne3 h6 19. Bxf6 Nxf6 20. Ncd5 Nxd5 21. Nxd5
Bxd5 22. cxd5 Qc2 23. Bh5 Qxb2 24. Rac1 Qxa2 25. Rc7 O-O 26. f6 g5 27. Qe4 b5
28. Bxf7+ 1-0

[Event "33rd Leon Blitz Open 2020"]
[Site "chess.com INT"]
[Date "2020.07.14"]
[Round "3"]
[White "Onischuk, Vladimir"]
[Black "Pon, Matt"]
[Result "1-0"]
[WhiteTitle "GM"]
[BlackTitle "FM"]
[WhiteElo "2633"]
[BlackElo "2185"]
[WhiteFideId "14114038"]
[BlackFideId "14301644"]
[EventDate "2020.07.14"]
[EventType "blitz"]

1. e4 e6 2. d4 d5 3. Bd3 c5 4. exd5 Qxd5 5. Nc3 Qd8 6. Bf4 Nf6 7. dxc5 Bxc5 8.
Qf3 O-O 9. O-O-O Qa5 10. Nge2 Nc6 11. h4 Nb4 12. Bc4 Bd7 13. h5 Bc6 14. Qg3 Be7
15. a3 Na6 16. Be5 h6 17. Nd4 Rac8 18. f4 Bxa3 19. bxa3 Qxa3+ 20. Kb1 Ne8 21. f5
Bd5 22. Nxd5 Qxg3 23. Bxg3 Rxc4 24. Ne3 Rb4+ 25. Kc1 Nf6 26. Bd6 1-0

[Event "33rd Leon Blitz Open 2020"]
[Site "chess.com INT"]
[Date "2020.07.14"]
[Round "3"]
[White "Horak, Martin"]
[Black "Bagrationi, Dmitry"]
[Result "0-1"]
[WhiteTitle "FM"]
[BlackTitle "FM"]
[WhiteElo "2341"]
[BlackElo "2316"]
[WhiteFideId "367095"]
[BlackFideId "14105047"]
[EventDate "2020.07.14"]
[EventType "blitz"]

1. e4 c5 2. Nf3 d6 3. Bb5+ Nc6 4. O-O Bd7 5. Re1 e5 6. c3 Be7 7. d4 cxd4 8. cxd4
exd4 9. Nxd4 Nf6 10. Nc3 O-O 11. Bf1 Re8 12. h3 h6 13. Ndb5 Be6 14. Be3 a6 15.
Nd4 Nxd4 16. Bxd4 Rc8 17. Rc1 Nd7 18. f4 Bh4 19. Re3 Bf6 20. Bxf6 Nxf6 21. Rd3
Qb6+ 22. Kh2 Qxb2 23. Rc2 Qb4 24. a3 Qc5 25. Rcd2 Qa5 26. Qa1 Bc4 27. e5 dxe5
28. fxe5 Qxe5+ 29. Rg3 Bxf1 0-1

[Event "33rd Leon Blitz Open 2020"]
[Site "chess.com INT"]
[Date "2020.07.14"]
[Round "3"]
[White "Djukic, Nikola"]
[Black "Jaracz, Pawel"]
[Result "1-0"]
[WhiteTitle "GM"]
[BlackTitle "GM"]
[WhiteElo "2525"]
[BlackElo "2456"]
[WhiteFideId "922412"]
[BlackFideId "1102222"]
[EventDate "2020.07.14"]
[EventType "blitz"]

1. e4 c6 2. d4 d5 3. e5 c5 4. Nf3 cxd4 5. Nxd4 e6 6. Nd2 Nc6 7. N2f3 Bc5 8. c3
Nge7 9. Bd3 Ng6 10. Qe2 Qb6 11. Nb3 Be7 12. O-O O-O 13. Nbd4 Bd7 14. Nxc6 bxc6
15. Bg5 Qd8 16. Bxe7 Qxe7 17. g3 f6 18. Rae1 f5 19. h4 Nh8 20. c4 Rab8 21. Qd2
Nf7 22. b3 Rfd8 23. Qa5 Be8 24. Rc1 Rb6 25. Rfe1 Nh6 26. c5 Rbb8 27. Nd4 Ng4 28.
f4 h6 29. Be2 Bh5 30. Nxc6 Qe8 31. Nxd8 Rxd8 32. c6 Rc8 33. c7 Qg6 34. Qc3 d4
35. Qxd4 Nxe5 36. Bxh5 Qxg3+ 37. Kf1 Qh3+ 38. Ke2 1-0

[Event "33rd Leon Blitz Open 2020"]
[Site "chess.com INT"]
[Date "2020.07.14"]
[Round "3"]
[White "Sengupta, Deep"]
[Black "Antipov, Mikhail Al."]
[Result "0-1"]
[WhiteTitle "GM"]
[BlackTitle "GM"]
[WhiteElo "2527"]
[BlackElo "2584"]
[WhiteFideId "5008352"]
[BlackFideId "4107012"]
[EventDate "2020.07.14"]
[EventType "blitz"]

1. e4 e5 2. Nf3 Nc6 3. Bc4 Bc5 4. c3 Nf6 5. d4 exd4 6. e5 d5 7. Bb5 Ne4 8. cxd4
Bb6 9. Nc3 O-O 10. Be3 Bg4 11. h3 Bh5 12. Qc2 Bg6 13. Qb3 Na5 14. Qxd5 Qe7 15.
Be2 c6 16. Qxe4 Bxe4 17. Nxe4 Qb4+ 18. Bd2 Qxb2 19. O-O Rad8 20. Rfb1 Qc2 21.
Nd6 Qg6 22. Bxa5 Bxa5 23. Nxb7 Bc3 24. Nxd8 Bxa1 25. Nxc6 Qxb1+ 0-1